[Event "d12b"]
[Site "?"]
[Date "2020.08.30"]
[Round "11.4"]
[White "Kulczycka, Zofia"]
[Black "Natoli, Alessia"]
[Result "0-1"]
[BlackElo "1302"]
[WhiteElo "1116"]
[LiveChessVersion "1.4.8"]

1. e4 {[%clk 0:03:02]} c5 {[%clk 0:03:03]} 2. d4 {[%clk 0:03:03]} cxd4
{[%clk 0:03:02]} 3. c3 {[%clk 0:03:03]} dxc3 {[%clk 0:03:01]} 4. Nxc3
{[%clk 0:03:03]} Nc6 {[%clk 0:03:01]} 5. Nf3 {[%clk 0:03:04]} d6 {[%clk 0:02:55]}
6. Bc4 {[%clk 0:03:03]} e6 {[%clk 0:02:48]} 7. O-O {[%clk 0:02:56]} Nf6
{[%clk 0:02:47]} 8. Qe2 {[%clk 0:02:55]} a6 {[%clk 0:02:48]} 9. Rd1
{[%clk 0:02:56]} Qc7 {[%clk 0:02:41]} 10. Bf4 {[%clk 0:02:55]} Be7
{[%clk 0:02:37]} 11. e5 {[%clk 0:02:51]} dxe5 {[%clk 0:02:23]} 12. Nxe5
{[%clk 0:02:50]} Nxe5 {[%clk 0:02:15]} 13. Bxe5 {[%clk 0:02:49]} Qb6
{[%clk 0:02:09]} 14. Bb3 {[%clk 0:02:44]} O-O {[%clk 0:02:05]} 15. Na4
{[%clk 0:02:32]} Qa5 {[%clk 0:01:40]} 16. Bc2 {[%clk 0:02:18]} b5
{[%clk 0:01:35]} 17. Nc3 {[%clk 0:02:16]} Bb7 {[%clk 0:01:27]} 18. Bxf6
{[%clk 0:01:58]} Bxf6 {[%clk 0:01:26]} 19. Qd3 {[%clk 0:01:56]} g6
{[%clk 0:01:16]} 20. Rab1 {[%clk 0:01:37]} Rad8 {[%clk 0:01:13]} 21. Qh3
{[%clk 0:01:36]} Bg7 {[%clk 0:01:08]} 22. Ne4 {[%clk 0:01:18]} Bxe4
{[%clk 0:00:57]} 23. Bxe4 {[%clk 0:01:19]} Rd2 {[%clk 0:00:49]} 24. Qb3
{[%clk 0:00:59]} Rfd8 {[%clk 0:00:45]} 25. Bf3 {[%clk 0:00:56]} Qb6
{[%clk 0:00:41]} 26. Rxd2 {[%clk 0:00:54]} Rxd2 {[%clk 0:00:41]} 27. Qe3
{[%clk 0:00:42]} Qxe3 {[%clk 0:00:40]} 28. fxe3 {[%clk 0:00:43]} Bxb2
{[%clk 0:00:39]} 29. Be4 {[%clk 0:00:40]} f5 {[%clk 0:00:36]} 30. Bb7
{[%clk 0:00:40]} a5 {[%clk 0:00:36]} 31. Ba6 {[%clk 0:00:41]} b4 {[%clk 0:00:37]}
32. Bc8 {[%clk 0:00:41]} Kf7 {[%clk 0:00:37]} 33. Ba6 {[%clk 0:00:41]} e5
{[%clk 0:00:37]} 34. Bc4+ {[%clk 0:00:41]} Ke7 {[%clk 0:00:38]} 35. Bg8
{[%clk 0:00:40]} h6 {[%clk 0:00:37]} 36. Bc4 {[%clk 0:00:39]} Kd6
{[%clk 0:00:36]} 37. Bf7 {[%clk 0:00:38]} g5 {[%clk 0:00:37]} 38. Bg6
{[%clk 0:00:39]} f4 {[%clk 0:00:37]} 39. exf4 {[%clk 0:00:39]} exf4
{[%clk 0:00:38]} 40. Be4 {[%clk 0:00:35]} Kc5 {[%clk 0:00:38]} 41. Kf1
{[%clk 0:00:33]} Kd4 {[%clk 0:00:39]} 42. Bf3 {[%clk 0:00:34]} Kc3
{[%clk 0:00:36]} 43. Ke1 {[%clk 0:00:31]} a4 {[%clk 0:00:33]} 44. h3
{[%clk 0:00:29]} b3 {[%clk 0:00:20]} 45. axb3 {[%clk 0:00:27]} axb3
{[%clk 0:00:21]} 46. Bc6 {[%clk 0:00:21]} Rc2 {[%clk 0:00:19]} 47. Ba4
{[%clk 0:00:13]} Kb4 {[%clk 0:00:18]} 48. Bd7 {[%clk 0:00:11]} Bc3+
{[%clk 0:00:17]} 49. Kd1 {[%clk 0:00:12]} Ka3 {[%clk 0:00:16]} 50. Be6
{[%clk 0:00:12]} Rb2 {[%clk 0:00:14]} 51. Bxb3 {[%clk 0:00:10]} Rxb1+
{[%clk 0:00:15]} 52. Kc2 {[%clk 0:00:10]} Rxb3 {[%clk 0:00:15]} 53. Kd3
{[%clk 0:00:11]} Rb2 {[%clk 0:00:15]} 54. Ke4 {[%clk 0:00:12]} Rxg2
{[%clk 0:00:16]} 55. Kf5 {[%clk 0:00:13]} Rg3 {[%clk 0:00:16]} 56. Kg6
{[%clk 0:00:14]} Rxh3 {[%clk 0:00:17]} 0-1

[Event "d12b"]
[Site "?"]
[Date "2020.08.30"]
[Round "11.5"]
[White "Sliwicka, Weronika"]
[Black "Makarec, Anna"]
[Result "1-0"]
[BlackElo "1053"]
[WhiteElo "1184"]
[LiveChessVersion "1.4.8"]

1. e4 e5 2. Nf3 Nc6 3. Nc3 Nf6 4. d3 Bb4 5. Bd2 d6 6. a3 Ba5 7. Be2 h6 8. O-O O-O
9. h3 Be6 10. Qc1 Qd7 11. Kh2 Ne7 12. Rg1 Ng6 13. b4 Bb6 14. Be3 Bxe3 15. Qxe3
Nh5 16. Nd2 Nhf4 17. Bf1 f5 18. g3 Nh5 19. Be2 Nf6 20. f4 fxe4 21. Ncxe4 Nxe4 22.
Qxe4 Bf5 23. Qg2 exf4 24. gxf4 Nxf4 25. Qf1 Bxh3 26. Qf2 Nxe2 27. Qxe2 Rae8 28.
Qh5 Rf2+ 29. Kg3 Rxd2 30. Kh4 Rxc2 31. Rg3 Bf5 32. Rf3 Bxd3 33. Rg1 Re4+ 34. Kg3
Bb5 35. Qd5+ Kh8 36. Qxe4 Re2 37. Rf8# 1-0

[Event "d12b"]
[Site "?"]
[Date "2020.08.30"]
[Round "11.6"]
[White "Gaszka, Zuzanna"]
[Black "Sprzeczka, Emilia"]
[Result "0-1"]
[BlackElo "1177"]
[WhiteElo "1158"]
[LiveChessVersion "1.4.8"]

1. e4 {[%clk 0:03:03]} e5 {[%clk 0:03:03]} 2. Nf3 {[%clk 0:03:04]} Nc6
{[%clk 0:03:04]} 3. d4 {[%clk 0:03:05]} exd4 {[%clk 0:03:04]} 4. Bc4
{[%clk 0:03:05]} Nf6 {[%clk 0:03:04]} 5. O-O {[%clk 0:03:04]} d6 {[%clk 0:03:04]}
6. Nxd4 {[%clk 0:03:02]} Be7 {[%clk 0:03:01]} 7. Nc3 {[%clk 0:03:03]} O-O
{[%clk 0:03:00]} 8. Bf4 {[%clk 0:02:50]} Nxd4 {[%clk 0:02:37]} 9. Qxd4
{[%clk 0:02:48]} Be6 {[%clk 0:02:25]} 10. Nd5 {[%clk 0:02:22]} Nxd5
{[%clk 0:02:15]} 11. exd5 {[%clk 0:02:17]} Bf5 {[%clk 0:02:08]} 12. Bd3
{[%clk 0:02:16]} Bf6 {[%clk 0:01:59]} 13. Qe3 {[%clk 0:02:09]} Re8
{[%clk 0:01:57]} 14. Qg3 {[%clk 0:01:50]} Bxd3 {[%clk 0:01:55]} 15. Qxd3
{[%clk 0:01:50]} Bxb2 {[%clk 0:01:43]} 16. Rab1 {[%clk 0:01:51]} Qf6
{[%clk 0:01:31]} 17. Bg3 {[%clk 0:01:43]} Rab8 {[%clk 0:01:24]} 18. Rfe1
{[%clk 0:01:06]} Be5 {[%clk 0:01:05]} 19. a4 {[%clk 0:00:24]} h6 {[%clk 0:00:53]}
20. Kh1 {[%clk 0:00:24]} Bxg3 {[%clk 0:00:48]} 21. fxg3 {[%clk 0:00:20]} b6
{[%clk 0:00:43]} 22. Rf1 {[%clk 0:00:21]} Qg5 {[%clk 0:00:39]} 23. Qf3
{[%clk 0:00:20]} Re7 {[%clk 0:00:39]} 24. h3 {[%clk 0:00:18]} Rbe8
{[%clk 0:00:36]} 25. Rbd1 {[%clk 0:00:16]} Qg6 {[%clk 0:00:37]} 26. c4
{[%clk 0:00:15]} Re3 {[%clk 0:00:36]} 27. Qf4 {[%clk 0:00:12]} Rxg3
{[%clk 0:00:32]} 28. Rf2 {[%clk 0:00:11]} Rge3 {[%clk 0:00:25]} 29. Rdf1
{[%clk 0:00:11]} R8e7 {[%clk 0:00:23]} 30. Kg1 {[%clk 0:00:07]} Rxh3
{[%clk 0:00:20]} 31. Rd1 {[%clk 0:00:05]} Rhe3 {[%clk 0:00:16]} 32. Kh1
{[%clk 0:00:05]} Qh5+ {[%clk 0:00:16]} 33. Kg1 {[%clk 0:00:06]} Qxd1+
{[%clk 0:00:15]} 34. Rf1 {[%clk 0:00:07]} Qh5 {[%clk 0:00:13]} 35. Qf2
{[%clk 0:00:07]} Re2 {[%clk 0:00:12]} 36. Qf4 {[%clk 0:00:06]} R7e4
{[%clk 0:00:12]} 37. Qf3 {[%clk 0:00:05]} Qxf3 {[%clk 0:00:12]} 38. gxf3
{[%clk 0:00:06]} Rxc4 {[%clk 0:00:13]} 39. Kh1 {[%clk 0:00:06]} Rxa4
{[%clk 0:00:13]} 40. Rc1 {[%clk 0:00:06]} b5 {[%clk 0:00:11]} 41. Rxc7
{[%clk 0:00:06]} Ra1+ {[%clk 0:00:11]} 0-1

[Event "d12b"]
[Site "?"]
[Date "2020.08.30"]
[Round "11.7"]
[White "Zielinska, Aleksandra"]
[Black "Zapalowska, Wiktoria"]
[Result "1/2-1/2"]
[BlackElo "1090"]
[WhiteElo "1215"]
[LiveChessVersion "1.4.8"]

1. e4 c5 2. Nf3 {[%clk 0:03:04]} e6 {[%clk 0:03:06]} 3. d4 {[%clk 0:03:05]} cxd4
{[%clk 0:03:07]} 4. Nxd4 {[%clk 0:03:06]} Nc6 {[%clk 0:03:08]} 5. Nc3 Qc7 6. Be3
a6 7. a3 {[%clk 0:03:00]} Nf6 {[%clk 0:03:13]} 8. Bc4 {[%clk 0:03:00]} Be7
{[%clk 0:03:13]} 9. Bb3 {[%clk 0:03:00]} O-O {[%clk 0:03:13]} 10. O-O
{[%clk 0:03:01]} Rd8 {[%clk 0:03:13]} 11. Nxc6 {[%clk 0:02:54]} bxc6
{[%clk 0:03:14]} 12. Na4 {[%clk 0:02:46]} Rb8 {[%clk 0:03:13]} 13. Nc3 d5 14.
exd5 {[%clk 0:02:34]} cxd5 {[%clk 0:03:14]} 15. Ne2 {[%clk 0:02:28]} Bd6
{[%clk 0:03:08]} 16. Ng3 {[%clk 0:02:23]} h6 {[%clk 0:03:05]} 17. Qe2
{[%clk 0:02:22]} Bb7 {[%clk 0:03:03]} 18. Rac1 {[%clk 0:02:21]} Rbc8
{[%clk 0:02:36]} 19. c4 {[%clk 0:02:17]} Qb8 {[%clk 0:02:24]} 20. cxd5
{[%clk 0:02:04]} Bxd5 {[%clk 0:02:25]} 21. Bxd5 {[%clk 0:02:04]} Nxd5
{[%clk 0:02:25]} 22. Qxa6 {[%clk 0:02:00]} Rxc1 {[%clk 0:02:20]} 23. Rxc1
{[%clk 0:02:01]} Bxg3 {[%clk 0:02:12]} 24. hxg3 {[%clk 0:01:57]} Qxb2
{[%clk 0:02:09]} 25. Qa5 {[%clk 0:01:31]} Rb8 {[%clk 0:02:01]} 26. Qc5
{[%clk 0:01:24]} Qb5 {[%clk 0:01:33]} 27. Qxb5 {[%clk 0:01:07]} Rxb5
{[%clk 0:01:35]} 28. Rc8+ {[%clk 0:00:59]} Kh7 {[%clk 0:01:35]} 29. Ra8
{[%clk 0:00:59]} Rb3 {[%clk 0:01:13]} 30. Bd4 {[%clk 0:00:44]} Rd3
{[%clk 0:01:08]} 31. Bc5 {[%clk 0:00:43]} Rc3 {[%clk 0:01:09]} 32. Bd4
{[%clk 0:00:42]} Rc4 {[%clk 0:01:09]} 33. Bb2 {[%clk 0:00:39]} 1/2-1/2

[Event "d12b"]
[Site "?"]
[Date "2020.08.30"]
[Round "12.1"]
[White "Sprzeczka, Emilia"]
[Black "Szczotka, Klara"]
[Result "1-0"]
[BlackElo "1654"]
[WhiteElo "1177"]
[LiveChessVersion "1.4.8"]

1. e4 c5 2. Nf3 {[%clk 0:03:02]} e6 {[%clk 0:03:05]} 3. d4 {[%clk 0:03:02]} cxd4
{[%clk 0:03:07]} 4. Nxd4 {[%clk 0:03:03]} a6 {[%clk 0:03:08]} 5. Nc3
{[%clk 0:03:02]} Qc7 {[%clk 0:03:09]} 6. a3 {[%clk 0:03:01]} Nf6 {[%clk 0:03:09]}
7. Be3 {[%clk 0:02:58]} b5 {[%clk 0:03:08]} 8. f4 {[%clk 0:02:56]} d6
{[%clk 0:03:09]} 9. Bd3 {[%clk 0:02:52]} Bb7 {[%clk 0:03:10]} 10. O-O
{[%clk 0:02:50]} Nbd7 {[%clk 0:03:11]} 11. Nf3 {[%clk 0:02:25]} Nc5
{[%clk 0:02:59]} 12. Nd2 {[%clk 0:02:13]} Be7 {[%clk 0:02:59]} 13. Rc1
{[%clk 0:02:00]} Rc8 {[%clk 0:02:58]} 14. Qe2 {[%clk 0:01:44]} O-O
{[%clk 0:02:55]} 15. Bf2 {[%clk 0:01:42]} Rfe8 {[%clk 0:02:53]} 16. e5
{[%clk 0:01:37]} dxe5 {[%clk 0:02:34]} 17. fxe5 {[%clk 0:01:34]} Nfd7
{[%clk 0:02:36]} 18. Bg3 {[%clk 0:01:29]} Bf8 {[%clk 0:01:47]} 19. Nf3
{[%clk 0:01:19]} Nb6 {[%clk 0:01:36]} 20. Bxh7+ {[%clk 0:01:10]} Kxh7
{[%clk 0:01:03]} 21. Ng5+ {[%clk 0:01:10]} Kg6 {[%clk 0:01:05]} 22. Qg4
{[%clk 0:01:04]} f5 {[%clk 0:00:21]} 23. exf6 {[%clk 0:01:02]} Qc6
{[%clk 0:00:22]} 24. Rf2 {[%clk 0:00:30]} gxf6 {[%clk 0:00:17]} 25. Nge4+
{[%clk 0:00:23]} Kf7 {[%clk 0:00:14]} 26. Rxf6+ {[%clk 0:00:18]} Ke7
{[%clk 0:00:16]} 27. Bd6+ {[%clk 0:00:17]} Kd7 {[%clk 0:00:11]} 28. Nxc5+
{[%clk 0:00:15]} Kxd6 {[%clk 0:00:12]} 29. N3e4+ {[%clk 0:00:11]} Kc7
{[%clk 0:00:10]} 30. Qg3+ {[%clk 0:00:05]} Bd6 {[%clk 0:00:08]} 31. Nxd6
{[%clk 0:00:04]} Qxd6 {[%clk 0:00:09]} 32. Rf7+ {[%clk 0:00:04]} Kc6
{[%clk 0:00:08]} 33. Qxd6+ {[%clk 0:00:03]} Kxd6 {[%clk 0:00:10]} 34. Nxb7+
{[%clk 0:00:04]} Kc6 {[%clk 0:00:10]} 35. Rd1 {[%clk 0:00:04]} Nd5
{[%clk 0:00:09]} 36. Na5+ {[%clk 0:00:05]} Kb6 {[%clk 0:00:10]} 37. Nb3
{[%clk 0:00:06]} Rxc2 {[%clk 0:00:09]} 38. Rf2 {[%clk 0:00:05]} Rc7
{[%clk 0:00:09]} 39. Re2 {[%clk 0:00:06]} Nf4 {[%clk 0:00:06]} 40. Rf2 Nd5 41.
Re2 {[%clk 0:00:07]} Nf4 {[%clk 0:00:07]} 42. Re4 {[%clk 0:00:07]} e5
{[%clk 0:00:05]} 43. Rf1 {[%clk 0:00:06]} Nd5 44. Rd1 {[%clk 0:00:05]} Nf6
{[%clk 0:00:00]} 45. Re2 {[%clk 0:00:05]} Rc6 {[%clk 0:00:00]} 1-0

[Event "d12b"]
[Site "?"]
[Date "2020.08.30"]
[Round "12.2"]
[White "Salamon, Julia"]
[Black "Ziobrowska, Maja"]
[Result "0-1"]
[BlackElo "1266"]
[WhiteElo "1156"]
[LiveChessVersion "1.4.8"]

1. d4 {[%clk 0:03:04]} d5 {[%clk 0:03:03]} 2. c4 {[%clk 0:03:02]} c6
{[%clk 0:03:05]} 3. Nf3 {[%clk 0:03:02]} Nf6 {[%clk 0:03:05]} 4. Nc3
{[%clk 0:03:03]} e6 {[%clk 0:03:05]} 5. e3 {[%clk 0:03:04]} Bd6 {[%clk 0:03:04]}
6. Bd3 {[%clk 0:03:05]} O-O {[%clk 0:03:02]} 7. O-O {[%clk 0:03:04]} Nbd7
{[%clk 0:03:03]} 8. Qe2 {[%clk 0:03:02]} e5 {[%clk 0:03:03]} 9. cxd5
{[%clk 0:02:35]} cxd5 {[%clk 0:03:04]} 10. dxe5 {[%clk 0:02:22]} Nxe5
{[%clk 0:03:04]} 11. Nxe5 {[%clk 0:02:02]} Bxe5 {[%clk 0:03:05]} 12. Qc2
{[%clk 0:01:58]} Be6 {[%clk 0:02:58]} 13. h3 {[%clk 0:01:35]} Rc8
{[%clk 0:02:55]} 14. Bd2 {[%clk 0:01:34]} d4 {[%clk 0:02:53]} 15. exd4
{[%clk 0:01:29]} Qxd4 {[%clk 0:02:43]} 16. Be3 {[%clk 0:01:12]} Qd7
{[%clk 0:02:43]} 17. Rfd1 {[%clk 0:01:13]} Qc6 {[%clk 0:02:44]} 18. Rac1
{[%clk 0:01:06]} Rfd8 {[%clk 0:02:38]} 19. Ne4 {[%clk 0:00:53]} Nxe4
{[%clk 0:02:13]} 20. Bxe4 {[%clk 0:00:54]} Qxc2 {[%clk 0:02:14]} 21. Rxd8+
{[%clk 0:00:48]} Rxd8 {[%clk 0:02:15]} 22. Rxc2 {[%clk 0:00:49]} Rd1#
{[%clk 0:02:15]} 0-1

[Event "d12b"]
[Site "?"]
[Date "2020.08.30"]
[Round "12.3"]
[White "Wojs, Alicja"]
[Black "Sliwicka, Weronika"]
[Result "1-0"]
[BlackElo "1184"]
[WhiteElo "1285"]
[LiveChessVersion "1.4.8"]

1. e4 {[%clk 0:03:04]} c5 2. a3 e6 {[%clk 0:03:04]} 3. b4 {[%clk 0:03:05]} cxb4
{[%clk 0:03:05]} 4. axb4 {[%clk 0:03:06]} Nc6 {[%clk 0:03:06]} 5. c3
{[%clk 0:03:07]} Nf6 {[%clk 0:03:03]} 6. Bd3 {[%clk 0:03:04]} d5 {[%clk 0:03:03]}
7. exd5 {[%clk 0:03:05]} Qxd5 {[%clk 0:03:04]} 8. Qf3 {[%clk 0:02:56]} Qxf3
{[%clk 0:02:55]} 9. Nxf3 {[%clk 0:02:56]} Bd6 {[%clk 0:02:56]} 10. O-O
{[%clk 0:02:54]} O-O {[%clk 0:02:57]} 11. Bc2 {[%clk 0:02:55]} Bd7
{[%clk 0:02:57]} 12. d4 {[%clk 0:02:55]} Bc7 {[%clk 0:02:54]} 13. Be3
{[%clk 0:02:55]} a6 {[%clk 0:02:55]} 14. Nbd2 {[%clk 0:02:55]} e5
{[%clk 0:02:54]} 15. dxe5 {[%clk 0:02:52]} Nxe5 {[%clk 0:02:55]} 16. Bd4
{[%clk 0:02:45]} Rfe8 {[%clk 0:02:43]} 17. Rfe1 {[%clk 0:02:44]} Nxf3+
{[%clk 0:02:43]} 18. Nxf3 {[%clk 0:02:45]} Nd5 {[%clk 0:02:37]} 19. Rad1
{[%clk 0:02:34]} Bc6 {[%clk 0:02:33]} 20. Bb3 {[%clk 0:02:21]} Nf4
{[%clk 0:02:33]} 21. Ng5 {[%clk 0:02:04]} Rf8 {[%clk 0:02:12]} 22. f3
{[%clk 0:01:50]} h6 {[%clk 0:02:11]} 23. Ne4 {[%clk 0:01:50]} Kh8
{[%clk 0:02:03]} 24. Ng3 {[%clk 0:01:44]} Nd5 {[%clk 0:02:00]} 25. Nf5
{[%clk 0:01:40]} f6 {[%clk 0:01:52]} 26. Bxd5 {[%clk 0:01:31]} Bxd5
{[%clk 0:01:53]} 27. Bxf6 {[%clk 0:01:18]} Bb6+ {[%clk 0:01:44]} 28. Kh1
{[%clk 0:01:15]} Rxf6 {[%clk 0:01:36]} 29. Rxd5 {[%clk 0:01:16]} Raf8
{[%clk 0:01:32]} 30. Nd4 {[%clk 0:01:16]} Bxd4 {[%clk 0:01:32]} 31. Rxd4
{[%clk 0:01:17]} Rc6 {[%clk 0:01:33]} 32. c4 {[%clk 0:01:18]} Rfc8
{[%clk 0:01:34]} 33. Rc1 {[%clk 0:01:18]} b5 {[%clk 0:01:35]} 34. c5
{[%clk 0:01:18]} Re8 {[%clk 0:01:36]} 35. h3 {[%clk 0:01:12]} Rec8
{[%clk 0:01:31]} 36. Ra1 {[%clk 0:01:08]} Kg8 {[%clk 0:01:31]} 37. Rd6
{[%clk 0:01:07]} Kf7 {[%clk 0:01:31]} 38. Rd7+ {[%clk 0:01:04]} Kf6
{[%clk 0:01:26]} 39. Ra7 {[%clk 0:01:04]} Ke5 {[%clk 0:01:25]} 40. R7xa6
{[%clk 0:01:05]} Rxa6 {[%clk 0:01:25]} 1-0

[Event "d12b"]
[Site "?"]
[Date "2020.08.30"]
[Round "12.4"]
[White "Popczynska, Maja"]
[Black "Natoli, Alessia"]
[Result "0-1"]
[BlackElo "1302"]
[WhiteElo "1129"]
[LiveChessVersion "1.4.8"]

1. e4 {[%clk 0:03:03]} c5 {[%clk 0:03:03]} 2. Nf3 {[%clk 0:03:04]} e6
{[%clk 0:03:02]} 3. d4 {[%clk 0:03:05]} cxd4 {[%clk 0:03:01]} 4. Nxd4
{[%clk 0:03:06]} Nf6 {[%clk 0:03:00]} 5. Nc3 {[%clk 0:03:07]} Bb4
{[%clk 0:03:01]} 6. f3 {[%clk 0:02:48]} Nc6 {[%clk 0:02:41]} 7. Ndb5
{[%clk 0:02:46]} d5 {[%clk 0:02:24]} 8. exd5 {[%clk 0:02:30]} Nxd5
{[%clk 0:02:24]} 9. a3 {[%clk 0:02:16]} Nxc3 {[%clk 0:02:01]} 10. Nxc3
{[%clk 0:02:07]} Qxd1+ {[%clk 0:01:59]} 11. Kxd1 {[%clk 0:02:06]} Bxc3
{[%clk 0:02:00]} 12. bxc3 {[%clk 0:02:07]} Ke7 {[%clk 0:01:56]} 13. Bb2
{[%clk 0:02:06]} Rd8+ {[%clk 0:01:54]} 14. Bd3 {[%clk 0:01:51]} Bd7
{[%clk 0:01:49]} 15. Ke2 {[%clk 0:01:50]} Rac8 {[%clk 0:01:43]} 16. c4
{[%clk 0:01:50]} h6 {[%clk 0:01:44]} 17. Bxg7 {[%clk 0:01:31]} Na5
{[%clk 0:01:33]} 18. Bxh6 {[%clk 0:01:13]} Nxc4 {[%clk 0:01:34]} 19. Bxc4
{[%clk 0:01:06]} Rxc4 {[%clk 0:01:34]} 20. Kd3 {[%clk 0:00:55]} Bb5+
{[%clk 0:01:35]} 21. Ke3 {[%clk 0:00:54]} Rxc2 {[%clk 0:01:29]} 22. g3
{[%clk 0:00:52]} Rd3+ {[%clk 0:01:29]} 23. Ke4 {[%clk 0:00:52]} Re2+
{[%clk 0:01:25]} 24. Kf4 {[%clk 0:00:52]} Rd4+ {[%clk 0:01:25]} 25. Kg5
{[%clk 0:00:47]} Re5# 0-1

[Event "d12b"]
[Site "?"]
[Date "2020.08.30"]
[Round "12.5"]
[White "Palejko, Gabriela"]
[Black "Seemann, Pola"]
[Result "0-1"]
[BlackElo "1165"]
[WhiteElo "1196"]
[LiveChessVersion "1.4.8"]

1. e4 e5 2. Nf3 Nc6 3. Nc3 Nf6 4. d4 exd4 5. Nxd4 Bb4 6. Nxc6 bxc6 7. Bd3 O-O 8.
O-O d5 9. exd5 cxd5 10. Bg5 c6 11. Qf3 Be7 12. Rfe1 Be6 13. h3 Rb8 14. Rab1 h6
15. Bh4 Re8 16. Bg3 Rb7 17. Ne2 Bc5 18. Nf4 Rbe7 19. Rf1 Bd7 20. Nh5 Ne4 21. Bxe4
Rxe4 22. Qc3 Bd4 23. Qa3 Qg5 24. Qd6 Bxh3 25. Nf4 Be6 26. Qxc6 Rxf4 27. Qxe8+ Kh7
28. Bxf4 Qxf4 29. c3 Bb6 30. Qb5 Qg5 31. Qd3+ Bf5 32. Qxd5 Qg6 33. Rbd1 Be4 34.
Qxe4 Qxe4 35. Rfe1 Qc2 36. Rf1 Qxb2 37. a4 Qxc3 38. Rc1 Qb4 39. Ra1 Bd4 40. Rab1
Qxa4 41. Rbd1 Bb6 42. Ra1 Qd4 43. Rad1 Qf6 44. Rd7 a5 45. Rdd1 a4 46. Ra1 Qc6 47.
Rac1 Qb5 48. Rb1 Qa5 49. Ra1 a3 50. Rfb1 a2 51. Re1 Bd4 0-1

[Event "d12b"]
[Site "?"]
[Date "2020.08.30"]
[Round "12.6"]
[White "Moczala, Maja"]
[Black "Slusarczyk, Anna"]
[Result "0-1"]
[BlackElo "1267"]
[WhiteElo "1137"]
[LiveChessVersion "1.4.8"]

1. e4 {[%clk 0:03:03]} c5 {[%clk 0:03:03]} 2. Nc3 e6 {[%clk 0:03:02]} 3. g3
{[%clk 0:03:05]} a6 {[%clk 0:03:03]} 4. Bg2 {[%clk 0:03:05]} Nc6 {[%clk 0:03:00]}
5. a4 {[%clk 0:03:01]} Nf6 {[%clk 0:02:56]} 6. d3 {[%clk 0:03:00]} Be7
{[%clk 0:02:52]} 7. Be3 {[%clk 0:03:00]} Qc7 {[%clk 0:02:51]} 8. Qd2
{[%clk 0:02:59]} O-O {[%clk 0:02:40]} 9. Nge2 {[%clk 0:02:56]} b6
{[%clk 0:02:25]} 10. f4 {[%clk 0:02:49]} d6 {[%clk 0:02:24]} 11. O-O
{[%clk 0:02:35]} Bb7 {[%clk 0:02:25]} 12. h3 {[%clk 0:02:24]} d5 {[%clk 0:02:14]}
13. exd5 {[%clk 0:02:15]} exd5 {[%clk 0:02:08]} 14. Nxd5 {[%clk 0:02:06]} Nxd5
{[%clk 0:02:07]} 15. Bxd5 {[%clk 0:02:06]} Bf6 {[%clk 0:01:56]} 16. c3
{[%clk 0:01:58]} Ne7 {[%clk 0:01:56]} 17. Bf3 {[%clk 0:01:43]} Rad8
{[%clk 0:01:32]} 18. g4 {[%clk 0:01:24]} Nd5 {[%clk 0:00:28]} 19. g5
{[%clk 0:00:43]} Nxe3 {[%clk 0:00:28]} 20. Qxe3 {[%clk 0:00:44]} Rfe8
{[%clk 0:00:28]} 21. Qd2 {[%clk 0:00:42]} Be7 {[%clk 0:00:29]} 22. Bxb7
{[%clk 0:00:32]} Qxb7 {[%clk 0:00:29]} 23. Ng3 {[%clk 0:00:27]} Qd7
{[%clk 0:00:30]} 24. Kg2 {[%clk 0:00:08]} Qxd3 {[%clk 0:00:25]} 25. Qxd3
{[%clk 0:00:08]} Rxd3 {[%clk 0:00:26]} 26. Rad1 {[%clk 0:00:09]} Red8
{[%clk 0:00:27]} 27. Rxd3 {[%clk 0:00:10]} Rxd3 {[%clk 0:00:28]} 28. Rf2
{[%clk 0:00:09]} c4 {[%clk 0:00:20]} 29. Nf5 {[%clk 0:00:09]} Bc5
{[%clk 0:00:20]} 30. Rf3 {[%clk 0:00:09]} Rd2+ {[%clk 0:00:20]} 31. Kg3
{[%clk 0:00:08]} Rxb2 {[%clk 0:00:21]} 32. Nd4 {[%clk 0:00:07]} Ra2
{[%clk 0:00:16]} 33. Re3 {[%clk 0:00:08]} h6 {[%clk 0:00:16]} 34. Re8+
{[%clk 0:00:05]} Kh7 {[%clk 0:00:17]} 35. Ra8 {[%clk 0:00:04]} Rxa4
{[%clk 0:00:18]} 36. Rb8 {[%clk 0:00:03]} a5 {[%clk 0:00:18]} 37. Rc8
{[%clk 0:00:03]} Bxd4 {[%clk 0:00:18]} 38. cxd4 {[%clk 0:00:04]} b5
{[%clk 0:00:19]} 39. Rc5 {[%clk 0:00:05]} Rb4 {[%clk 0:00:18]} 40. d5
{[%clk 0:00:06]} Rb3+ {[%clk 0:00:19]} 41. Kg2 {[%clk 0:00:06]} c3
{[%clk 0:00:15]} 42. d6 {[%clk 0:00:07]} b4 {[%clk 0:00:15]} 43. d7
{[%clk 0:00:08]} Rb2+ {[%clk 0:00:16]} 44. Kg3 {[%clk 0:00:09]} Rd2
{[%clk 0:00:17]} 45. Rxa5 {[%clk 0:00:07]} Rxd7 {[%clk 0:00:18]} 46. Rc5
{[%clk 0:00:06]} Rd3+ {[%clk 0:00:17]} 47. Kg4 {[%clk 0:00:05]} b3
{[%clk 0:00:18]} 48. Rb5 {[%clk 0:00:06]} b2 {[%clk 0:00:18]} 49. Rb3
{[%clk 0:00:06]} c2 {[%clk 0:00:17]} 50. Rxb2 {[%clk 0:00:06]} c1=Q
{[%clk 0:00:16]} 51. Rg2 {[%clk 0:00:06]} Rd4 {[%clk 0:00:14]} 52. h4
{[%clk 0:00:05]} Qxf4+ {[%clk 0:00:14]} 53. Kh3 {[%clk 0:00:06]} Qxh4#
{[%clk 0:00:15]} 0-1

[Event "d12b"]
[Site "?"]
[Date "2020.08.30"]
[Round "12.7"]
[White "Zielinska, Aleksandra"]
[Black "Makarec, Anna"]
[Result "0-1"]
[BlackElo "1053"]
[WhiteElo "1215"]
[LiveChessVersion "1.4.8"]

1. e4 {[%clk 0:03:03]} e5 {[%clk 0:03:04]} 2. Nf3 {[%clk 0:03:04]} Nc6
{[%clk 0:03:05]} 3. d4 {[%clk 0:03:05]} exd4 {[%clk 0:03:06]} 4. Nxd4
{[%clk 0:03:06]} Bc5 {[%clk 0:03:07]} 5. Be3 {[%clk 0:03:07]} Qf6
{[%clk 0:03:08]} 6. c3 {[%clk 0:03:08]} Nge7 {[%clk 0:03:08]} 7. Bc4
{[%clk 0:03:09]} Ne5 {[%clk 0:03:09]} 8. Bb3 {[%clk 0:03:04]} Qg6
{[%clk 0:03:08]} 9. O-O {[%clk 0:02:24]} O-O {[%clk 0:03:02]} 10. Nd2
{[%clk 0:02:17]} d6 {[%clk 0:03:03]} 11. h3 {[%clk 0:02:13]} Bxh3
{[%clk 0:02:59]} 12. g3 {[%clk 0:01:26]} Bxf1 {[%clk 0:02:58]} 13. Qxf1
{[%clk 0:01:25]} Ng4 {[%clk 0:02:50]} 14. Bf4 {[%clk 0:01:00]} Qh5
{[%clk 0:02:39]} 15. Qg2 {[%clk 0:00:59]} Ng6 {[%clk 0:02:27]} 16. Be3
{[%clk 0:00:51]} N6e5 {[%clk 0:02:19]} 17. Bd5 {[%clk 0:00:35]} c6
{[%clk 0:02:18]} 18. Bb3 {[%clk 0:00:36]} Rfe8 {[%clk 0:02:11]} 19. Nc4
{[%clk 0:00:19]} Nxc4 {[%clk 0:02:06]} 20. Bxc4 Nxe3 {[%clk 0:01:59]} 21. fxe3
{[%clk 0:00:16]} Qg6 {[%clk 0:01:59]} 22. Bd3 {[%clk 0:00:05]} Qg5
{[%clk 0:01:58]} 23. Re1 {[%clk 0:00:06]} Rad8 {[%clk 0:01:51]} 24. Nf3
{[%clk 0:00:05]} Qg4 {[%clk 0:01:50]} 25. Nd4 {[%clk 0:00:05]} Re5
{[%clk 0:01:39]} 26. Qf2 {[%clk 0:00:05]} Rg5 {[%clk 0:01:29]} 27. Kg2
{[%clk 0:00:06]} Re8 {[%clk 0:01:22]} 28. Bc4 Qxe4+ 0-1